000 01192naa a22003017a 4500
001 232845
003 ES-MaBCM
005 20260408090225.0
008 260408t2022 sp ||||| |||| 00| 0 spa d
035 _a(OCoLC)1365219912
040 _cES-MaBCM
100 1 _aRus Trigo, María José
_9131347
245 1 0 _aLímites a la intervención de terceros en la prestación de ayuda para morir :
_bun análisis de la reciente resolución del TEDH sobre medidas cautelares y autonomía personal
_cMaría José Rus Trigo
504 _aIncluye bibliografía
610 1 0 _aEspaña
_t. Ley Orgánica de regulación de la eutanasia, 2021
_9125462
650 7 _aEutanasia
_958653
650 7 _aLibre disposición de la propia persona
_958404
650 7 _aDerecho del individuo
_958361
650 7 _aCapacidad jurídica
_957817
650 7 _aMedida cautelar
_959382
650 7 _aSeguridad jurídica
_960207
650 0 _aDoctrina jurídica
_9126505
650 7 _aDerecho comparado
_958299
650 7 _aSentencia
_960230
655 4 _aJurisprudencia comentada
_9115337
773 0 _dLas Rozas, Madrid
_gN. 10918 (8 de abril de 2026) - Loc. En línea
_tDiario La Ley
_w213918
942 _2udc
_cAREV
999 _c232845
_d232845